Taskmaster masterpieces - Statistics

General Stats
  • This quiz has been taken 98 times
    51 since last reset
  • The average score is 10 of 16
Answer Stats
Picture Answer % Correct
Hugh Dennis
88%
Mark Watson
84%
James Acaster
81%
Frank Skinner
79%
Jo Brand
67%
Rose Matafeo
67%
James Acaster/ Rhod Gilbert/ Phil Wang
65%
Charlotte Ritchie
58%
Lee Mack/ Mike Wozniak
56%
Chris Ramsey
53%
Julian Clary
53%
Johnny Vegas
51%
Tim Vine
49%
Alice Levine
47%
Steve Pemberton
47%
Morgana Robinson
23%
No matching quizzes found
Score Distribution
Percent of People with Each Score
Percentile by Number Answered
Your Score History
You have not taken this quiz since the last reset